000
00363nam a2200133Ia 4500
008
151001s9999||||xx |||||||||||||| ||und||
100
_a
R. C. Majumdar
245
_a
Swami Vivekanda a histoncal review
250
_a
1
260
_b
ubs publishing
260
_c
1999
300
_a
61
365
_b
21
999
_c
978026
_d
978023